000 00959nam0a22002531 4500
001 rc\3017464
005 20250806201228.0
035 _a(NLR Aleph) 007159697
090 _a19673
_c19673
100 _a20110926d1941 u y0rusy50 ca
101 0 _arus
102 _aRU
105 _aa z |||||
200 1 _aИнструктивные материалы по отбору, приемке и применению литейных антрацитов
_fПод ред. доц. канд. техн. наук Л.М. Мариенбаха
_gМоск. дом техники НКСМ
210 _aМосква
_cМоск. дом техники НКСМ
_d1941
215 _a20 с.
_cтабл.
_d24 см
702 1 _aМариенбах
_bЛ.М.
_4340
801 0 _aRU
_bNLR
_gpsbo
801 1 _aRU
_bELAR
_2rusmarc
852 _aNLR
_jТ30 Г-7/11
942 _cBOOK
945 _aРоссийская национальная библиотека
980 _aNB
980 _aBV